[Event "New Delhi Parsvnath op-B 16th"]
[Site "New Delhi"]
[Date "2018.01.09"]
[Round "1"]
[White "Bala, Ganeshan"]
[Black "Thounaojam, Gobin Luwang"]
[Result "0-1"]
[WhiteElo "1539"]
[BlackElo "1971"]
[PlyCount "68"]
[EventDate "2018.01.09"]
[EventType "swiss"]
[EventRounds "10"]
[EventCountry "IND"]
[SourceTitle "CBM 182 Extra"]
[Source "ChessBase"]
[SourceDate "2018.02.23"]
[SourceVersion "1"]
[SourceVersionDate "2018.02.23"]
[SourceQuality "1"]

1. e4 c5 2. Nf3 e6 3. d4 cxd4 4. Nxd4 a6 5. Be2 Nf6 6. Nc3 Qc7 7. 0-0 d6 8. Be3 Nbd7 9. Qd2 b5 10. a3 Bb7 11. f3 Be7 12. Rac1 0-0 13. Rfd1 Nb6 14. Qe1 d5 15. exd5 Nbxd5 16. Nxd5 Nxd5 17. Bf2 Bg5 18. c4 Bxc1 19. cxd5 Bxb2 20. dxe6 Bxa3 21. Bd3 Rae8 22. Qe3 Bd6 23. Qg5 fxe6 24. Qh4 g6 25. Bxb5 axb5 26. Nxb5 Qc2 27. Rxd6 Qb1+ 28. Be1 Qxb5 29. Qd4 Rf5 30. Rb6 Qd5 31. Qf2 Ba8 32. Kh1 Qc5 33. Qb2 Rxf3 34. Rb7 Qe7 0-1